| 000 | 01531nam a2200409 i 4500 | ||
|---|---|---|---|
| 001 | DIGICB0564 | ||
| 003 | NyNyDIG | ||
| 007 | cr ||||||||||| | ||
| 008 | 230503s2012 sp o 000 0 spa d | ||
| 006 | m o d | ||
| 035 | _a(OCoLC)1379474850 | ||
| 040 |
_aDGITA _beng _erda _epn _cDGITA |
||
| 020 |
_a9788418781926 _qpdf |
||
| 020 | _z9788490210949 | ||
| 043 | _ae-sp--- | ||
| 050 | 1 | 4 | _aHD7207 ebook |
| 245 | 0 | 0 |
_aGestión de la seguridad social para administrativos / _ccoordinadora de la obra, Ma. Dolores Pérez Rodríguez. |
| 250 | _a1a edición. | ||
| 264 | 1 |
_aMálaga, España : _bICB Editores, _c[2012] |
|
| 300 | _a1 online resource. | ||
| 336 |
_atext _btxt _2rdacontent |
||
| 337 |
_acomputer _bc _2rdamedia |
||
| 338 |
_aonline resource _bcr _2rdacarrier |
||
| 347 |
_atext file _2rdaft |
||
| 347 | _bPDF | ||
| 500 | _a"Incluye solucionario."--Cover. | ||
| 588 | 0 | _aOnline resource; title from PDF title page (Digitalia, viewed May 3, 2023) | |
| 650 | 0 |
_aSocial security _zSpain. |
|
| 650 | 0 |
_aSocial security _zSpain _xManagement. |
|
| 700 | 1 |
_aPérez Rodríguez, María Dolores, _eeditor. |
|
| 791 | 2 |
_aDigitalia (Firm), _edistributor. |
|
| 793 | 0 |
_gDigitalia eBook Collection: _aICB Editores |
|
| 776 | 0 | 8 |
_iPrint version: _tGestión de la seguridad social para administrativos. _b1a edición. _dMálaga, España : ICB Editores, [2012] _z9788490210949 |
| 856 | 4 | 0 |
_3Digitalia Hispánica _uhttps://www.digitaliapublishing.com/a/126406/ |
| 910 | _aPremium collection: 2023 | ||
| 942 | _cRAA | ||
| 999 |
_c278008 _d278008 |
||